A dictionary of chemistry / (Record no. 3311)

MARC details
000 -LEADER
fixed length control field 01231nac a22003371i 4500
003 - CONTROL NUMBER IDENTIFIER
control field EG-ScBUE
005 - DATE AND TIME OF LATEST TRANSACTION
control field 20250708093906.0
008 - FIXED-LENGTH DATA ELEMENTS--GENERAL INFORMATION
fixed length control field 091014s2004 enka f d 000 0 eng d
020 ## - INTERNATIONAL STANDARD BOOK NUMBER
International Standard Book Number 0198609183
020 ## - INTERNATIONAL STANDARD BOOK NUMBER
International Standard Book Number 9780198609188
040 ## - CATALOGING SOURCE
Original cataloging agency EG-ScBUE
Language of cataloging eng
Description conventions rda
Transcribing agency EG-ScBUE
Modifying agency EG-ScBUE
082 04 - DEWEY DECIMAL CLASSIFICATION NUMBER
Classification number 540.3
Item number DIC
Edition number 22
245 02 - TITLE STATEMENT
Title A dictionary of chemistry /
Statement of responsibility, etc edited by John Daintith.
246 30 - VARYING FORM OF TITLE
Title proper/short title Chemistry
246 30 - VARYING FORM OF TITLE
Title proper/short title Oxford dictionary of chemistry
250 ## - EDITION STATEMENT
Edition statement Fifth edition.
264 #1 - PUBLICATION, DISTRIBUTION, ETC. (IMPRINT)
Place of publication, distribution, etc Oxford :
Name of publisher, distributor, etc Oxford University Press,
Date of publication, distribution, etc 2004.
300 ## - PHYSICAL DESCRIPTION
Extent 602 pages :
Other physical details illustrations ;
Dimensions 20 cm.
336 ## - CONTENT TYPE
Source rdacontent
Content type term text
Content type code txt
337 ## - MEDIA TYPE
Media type term unmediated
Source rdamedia
Media type code n
338 ## - CARRIER TYPE
Carrier type term volume
Carrier type code nc
Source rdacarrier
490 0# - SERIES STATEMENT
Series statement Oxford paperback reference
500 ## - GENERAL NOTE
General note Includes Appendices.<br/>
650 #7 - SUBJECT ADDED ENTRY--TOPICAL TERM
Topical term or geographic name as entry element Chemistry
Form subdivision Dictionaries.
9 (RLIN) 8888
Source of heading or term BUEsh
655 ## - INDEX TERM--GENRE/FORM
Form subdivision Reading book
700 1# - ADDED ENTRY--PERSONAL NAME
Personal name Daintith, John,
9 (RLIN) 8889
Relator term editor.
856 42 - ELECTRONIC LOCATION AND ACCESS
Materials specified Publisher description
Uniform Resource Identifier <a href="http://www.loc.gov/catdir/enhancements/fy0620/2004276412-d.html">http://www.loc.gov/catdir/enhancements/fy0620/2004276412-d.html</a>
856 42 - ELECTRONIC LOCATION AND ACCESS
Materials specified Table of contents only
Uniform Resource Identifier <a href="http://www.loc.gov/catdir/enhancements/fy0620/2004276412-t.html">http://www.loc.gov/catdir/enhancements/fy0620/2004276412-t.html</a>
856 42 - ELECTRONIC LOCATION AND ACCESS
Uniform Resource Identifier <a href="http://www.oxfordreference.com/views/BOOK_SEARCH.html?book=t81">http://www.oxfordreference.com/views/BOOK_SEARCH.html?book=t81</a>
942 ## - ADDED ENTRY ELEMENTS (KOHA)
Koha item type Reference (NB)
Source of classification or shelving scheme Dewey Decimal Classification
Holdings
Withdrawn status Lost status Source of classification or shelving scheme Damaged status Not for loan Collection code Home library Current library Shelving location Date acquired Total Checkouts Full call number Barcode Date last seen Koha item type Price effective from
    Dewey Decimal Classification     Baccah Central Library Central Library Ground Floor 03/04/2007   540.3 DIC 000039504 15/07/2025 Reference (NB)  
    Dewey Decimal Classification     Baccah Central Library Central Library Ground Floor 03/04/2007   540.3 DIC 000002292 15/07/2025 Reference (NB) 03/04/2007